书目信息 |
| 题名: |
晋阳秋
|
|
| 作者: | 慕牛湘 , 慕湘 著 | |
| 分册: | 1 | |
| 出版信息: | 北京 解放军文艺 1964 |
|
| 页数: | 592页 | |
| 开本: | 19cm | |
| 丛书名: | 新波旧澜 | |
| 单 册: | ||
| 中图分类: | I247.52 , I247.4 | |
| 科图分类: | ||
| 主题词: | 长篇小说--中国--现代 | |
| 电子资源: | ||
| ISBN: | ||
| 000 | 00685oam2 2200265 450 | |
| 001 | 1560005077 | |
| 005 | 20150125102910.98 | |
| 010 | @dCNY1.05 | |
| 091 | @a10137.65 | |
| 100 | @a19980305d1964 em y0chiy0110 ea | |
| 101 | 0 | @achi |
| 102 | @aCN@b110000 | |
| 105 | @ay z 000ay | |
| 200 | 1 | @a晋阳秋@9jin yang qiu@h1@f慕湘著@Fmu xiang zhu |
| 210 | @a北京@c解放军文艺@d1964 | |
| 215 | @a592页@d19cm | |
| 225 | 2 | @a新波旧澜@v1 |
| 461 | 0 | @12001 @a新波旧澜 |
| 606 | 0 | @a长篇小说@y中国@z现代 |
| 690 | @aI247.52@v5 | |
| 690 | @aI247.4@v4 | |
| 701 | 0 | @a慕牛湘@9mu niu xiang@4著 |
| 701 | 0 | @a慕湘@Amu xiang@4著 |
| 801 | 0 | @aCN@bTSSF@c20150125 |
| 905 | @aZUCC@dI247.4@eJY15:1 | |
| 晋阳秋.1/慕湘著.-北京:解放军文艺,1964 |
| 592页;19cm.-(新波旧澜;1) |
| ISBN :CNY1.05 |
| ● |
| 相关链接 |
|
|
|
|
正题名:晋阳秋
索取号:I247.4/JY15:1
 
预约/预借
| 序号 | 登录号 | 条形码 | 馆藏地/架位号 | 状态 | 备注 |
| 1 | 7854109 | 278541099 | 学院路分馆/ [索取号:I247.4/JY15:1] | 在馆 | |
| 2 | 7854110 | 278541106 | 学院路分馆/ [索取号:I247.4/JY15:1] | 在馆 | |
| 3 | 7854111 | 278541115 | 学院路分馆/ [索取号:I247.4/JY15:1] | 在馆 | |
| 4 | 7855375 | 278553753 | 学院路分馆/ [索取号:I247.4/JY15:1] | 在馆 |